000 00227 a2200097 4500
001 14528
100 _aMuhammad Saddiqu
245 _aHazrat Data Gung Bu
260 _aLahore
_bSang-e-Meel Publications
_c
090 _c11357
_d11357
942 _aNUST-CAE
_cM
_c1511
999 _c249601
_d249601